[Event "BL2 Gr03 0506 (Women)"]
[Site "Germany"]
[Date "2005.11.19"]
[Round "3.6"]
[White "Theermann, Claudia"]
[Black "Benzen, Marthe"]
[Result "0-1"]
[WhiteElo "982"]
[BlackElo "1597"]
[PlyCount "60"]
[EventDate "2005.10.29"]
[EventType "team-tourn"]
[EventRounds "7"]
[EventCountry "GER"]
[SourceTitle "EXT 2007"]
[Source "ChessBase"]
[SourceDate "2006.11.23"]
[SourceVersion "1"]
[SourceVersionDate "2006.11.23"]
[SourceQuality "1"]
[WhiteTeam "Delmenhorst"]
[BlackTeam "Kiel Doppelbauer"]
[WhiteTeamCountry "GER"]
[BlackTeamCountry "GER"]

1. e4 e5 2. Nf3 Nc6 3. d3 Bc5 4. Be2 d6 5. Nc3 Nge7 6. 0-0 h6 7. b3 Be6 8. Bb2 Qd7 9. Qd2 Ng6 10. Rfd1 Nf4 11. g3 Nh3+ 12. Kf1 Nxf2 13. Re1 Bh3+ 14. Kg1 Nxe4+ 15. d4 Nxd2 16. Nxd2 Nxd4 17. Bd3 Nxb3+ 18. Kh1 Nxd2 19. Ne4 Nxe4 20. Bxe4 Bf5 21. Bg2 h5 22. Bc1 h4 23. Rb1 hxg3 24. h3 Bxh3 25. Re2 Bxg2+ 26. Kxg2 Rh2+ 27. Kf1 Rh1+ 28. Kg2 Rg1+ 29. Kf3 Qf5+ 30. Bf4 Qxf4# 0-1